Unité urbaine de Tarbes sur une carte - Statistiques

Statistiques générales
  • Ce quiz a été pris 72 fois
  • Le résultat moyen est 8 sur 15
Réponses sur la Carte
Les réponses sont colorées sur une échelle allant du rouge au vert en fonction du pourcentage des utilisateurs qui les ont devinées à leur premier essai. Vous pouvez retrouver ces pourcentages ci-dessous.
 
Statistiques - réponses
Population (2021) Réponse % Correct
43 955 Tarbes
95%
5 161 Séméac
80%
7 982 Aureilhan
75%
5 407 Bordères-sur-l'Échez
69%
3 303 Odos
67%
1 869 Laloubère
64%
3 023 Soues
56%
3 500 Barbazan-Debat
51%
1 189 Horgues
44%
1 944 Orleix
42%
888 Bours
36%
732 Momères
29%
307 Chis
24%
569 Salles-Adour
22%
533 Sarrouilles
16%
Aucun quiz correspondant
Distribution des résultats
% des personnes avec chaque résultat
Percentile par nombre de réponses
Votre historique - résultats
Vous n’avez pas pris ce quiz